02203cam a22003618i 450000100090000000300090000900500170001800800410003502000180007604000330009408200210012710000300014824501730017825000190035126400530037026400100042330000230043333600260045633700280048233800270051050000200053750000260055750504670058352004910105065000230154165300220156465500240158670000400161070000270165094200120167799900170168995201350170618293588EG-ScBUE20250715100321.0140908t2015 mau f 001 0 eng d a9780124079137 aDLCbengerdacDLCdEG-ScBUE04a541.361bGLA2221 aGlassman, Irvin,eauthor.10aCombustion /cIrvin Glassman, Princeton University, Richard A. Yetter, The Pennsylvania State University and Nick G. Glumac, University of Illinois at Urbana-Champaign. aFifth edition. 1aWaltham, MA :bAcademic Press, Elsevier,c[2015] 4cc2015 a757 pages ;c24 cm 2rdacontentatextbtxt aunmediated2rdamediabn avolumebnc2rdacarrier aIncludes index. aIncludes Appendices. 8 aMachine generated contents note: Chapter 1: Chemical Thermodynamics and Flame Temperatures Chapter 2: Chemical Kinetics Chapter 3: Explosive and General Oxidative Characteristics of Fuels Chapter 4: Flame Phenomena in Premixed Combustible Gases Chapter 5: Detonation Chapter 6: Diffusion Flames Chapter 7: Ignition Chapter 8: Environmental Combustion Considerations Chapter 9: Combustion of Nonvolatile Fuels Chapter 10: New Concepts and Technologies Appendices. a"The parameters essential for the evaluation of combustion systems are the equilibrium product temperature and composition. If all the heat evolved in the reaction is employed solely to raise the product temperature, this temperature is called the adiabatic flame temperature. Because of the importance of the temperature and gas composition in combustion considerations, it is appropriate to review those aspects of the field of chemical thermodynamics that deal with these subjects"-- 7aCombustion.2BUEsh bENGMECcMarch2015 vReading book9342321 aYetter, Richard A.,d1952-eauthor.1 aGlumac, Nick,eauthor. 2ddccBB c19058d19030 00102ddc40708BaccahaMAINbMAINc1STd2015-03-17ePurchaseg480.00l0o541.361 GLAp000037594r2025-07-15 00:00:00v600.00yBB